00338nam a22001337a 450000500170000000800410001702000180005804100080007608200100008410000270009424500420012126000330016330000080019620160903123152.0160903b xxu||||| |||| 00| 0 eng d a81-89304-49-6 aeng b20917 aJAYANTHI, C AND OTHERS aFARMING SYSTEM PRINCIPLES & PRACTICES bS.S. PUBLICATION HOUSEc2008 a331